[Event "70th RUS-ch Superfinal Men 2017"]
[Site "St. Petersburg"]
[Date "2017.12.09"]
[Round "6"]
[White "Tomashevsky, Evgeny"]
[Black "Volkov, Sergey"]
[Result "1-0"]
[WhiteElo "2713"]
[BlackElo "2645"]
[Annotator "TA"]
[PlyCount "101"]
[EventDate "2017.??.??"]
[EventType "tourn"]
[EventCountry "RUS"]
[SourceTitle "playchess.com"]
[Source "ChessBase"]
[SourceQuality "1"]

{[%evp 12,101,47,40,33,34,39,39,34,32,24,30,56,26,54,50,53,0,0,1,35,2,21,7,46,43,48,44,47,40,43,39,37,51,47,45,49,29,50,55,29,0,35,0,43,31,51,35,78,66,68,64,98,69,139,106,109,110,149,149,202,195,213,197,227,194,264,280,278,272,275,269,227,279,278,278,825,806,940,953,917,893,1069,1066,1058,1057,1002,984,2620,2004,5493,5141]} 1. d4 d5 2. c4 c6 3. Nf3 Nf6 4. Nc3 a6 5. c5 Nbd7 6. Bf4 Nh5 7. Bd2 Nhf6 {D15: Slav Defence: 4 Nc3 a6 and gambit lines after 4 Nc3 dxc4} 8. Rc1 g6 9. g3 Bg7 {White is slightly better.} 10. Bg2 O-O 11. O-O Ne8 $146 ({Predecessor:} 11... Re8 12. Re1 Ne4 13. Bf4 Nxc3 14. bxc3 b5 15. cxb6 Nxb6 {½-½ (88) Li,C (2722)-Malakhov,V (2712) Chartres 2017}) 12. Na4 a5 13. Qc2 Nc7 14. e4 (14. Bf4 $14) 14... dxe4 $11 15. Qxe4 Nf6 (15... e5 $5) 16. Qh4 Be6 17. a3 Bb3 18. Nb6 Ra6 19. Rfe1 a4 20. Nc4 Nb5 21. Be3 Bxc4 22. Rxc4 Nd5 23. Bg5 {[%cal Rg5e7]} Re8 24. Rc2 Qc7 25. Bh6 Bf6 26. Bg5 Bg7 27. Bh6 Bf6 28. Qe4 Raa8 29. Rc4 e6 30. h4 Bh8 31. Qc2 b6 32. Re2 ({Of course not} 32. Rxa4 Rxa4 33. Qxa4 bxc5 $11) 32... Na7 (32... bxc5 $14 33. dxc5 Qe7) 33. cxb6 Nxb6 34. Rb4 Bf6 35. Bf4 Qd8 {[#]} (35... Qb7 $16) 36. Bg5 $1 $18 {[%cal Rg5f6]} Bxg5 37. hxg5 Rb8 38. Qc5 Re7 (38... Rb7 $142 39. Ne5 Nd7 40. Nxd7 (40. Nxc6 Nxc5 41. Nxd8 Rxb4 $14) 40... Rxd7 41. Rxa4 Qe7) 39. Ne5 Reb7 40. Bxc6 ({Not} 40. Nxc6 Nxc6 41. Bxc6 Nd7 $16) 40... Rc8 {intending ...Nd7.} 41. Bxb7 Rxc5 42. dxc5 Qd1+ 43. Kg2 Nd7 $2 (43... Nd5) 44. Bf3 {White is clearly winning.} Nxc5 45. Rb8+ Kg7 46. Ng4 {Nf6 would kill now.} Nd7 47. Rb7 Nc8 {[#]} 48. Rxe6 $1 {[%mdl 512]} Qd2 (48... fxe6 49. Bxd1) 49. Re2 Qd6 50. Re8 Ncb6 51. Nh6 {Precision: White = 69%, Black = 42%.} 1-0

[Event "70th RUS-ch Superfinal Men 2017"]
[Site "St. Petersburg"]
[Date "2017.12.09"]
[Round "6"]
[White "Inarkiev, Ernesto"]
[Black "Romanov, Evgeny"]
[Result "1/2-1/2"]
[WhiteElo "2689"]
[BlackElo "2626"]
[Annotator "TA"]
[PlyCount "120"]
[EventDate "2017.??.??"]
[EventType "tourn"]
[EventCountry "RUS"]
[SourceTitle "playchess.com"]
[Source "ChessBase"]
[SourceQuality "1"]

{[%evp 9,120,9,6,8,51,59,52,57,52,23,79,76,85,56,75,57,63,59,61,52,54,52,67,47,49,40,61,50,57,34,58,10,47,50,39,39,86,83,87,82,128,130,135,102,155,97,90,100,110,60,71,60,69,63,77,39,38,39,64,23,56,40,47,48,48,0,60,0,0,0,0,0,0,0,0,0,0,0,0,0,0,0,0,0,0,0,0,-8,-8,-8,-16,-16,-16,-241,-241,-312,-310,-1172,-33,-82,-23,-95,0,0,0,-95,0,0,0,0,0,0,0]} 1. d4 d5 2. c4 c6 3. Nf3 Nf6 4. g3 Bf5 5. Nc3 e6 6. Nh4 {D11: Slav Defence: 3 Nf3 sidelines and 3...Nf6 4 e3 Bg4} (6. Qb3 Qc8 7. Bg2 h6 8. O-O Be7 9. Nd2 O-O 10. e4 dxe4 11. Ndxe4 Rd8 12. Be3 Ng4 {0-1 (27) Jakovenko,D (2710)-Mamedyarov,S (2791) Sochi 2017}) 6... Be4 7. f3 Bg6 8. Qb3 {White is slightly better.} Qb6 9. c5 Qc7 (9... Qxb3 $11 10. axb3 Bc2) 10. Bf4 $16 Qc8 11. e4 Nbd7 $146 {[%cal Rd5e4]} ({Predecessor:} 11... Be7 12. Bg2 Nh5 {1-0 (32) Laznicka,V (2676)-Perunovic,M (2602) Tromsoe 2014}) 12. exd5 Nxd5 13. Nxd5 cxd5 14. Nxg6 hxg6 15. Rc1 a6 16. Qc2 Nb8 17. b4 Nc6 18. Qd2 Be7 19. Kf2 O-O 20. Be2 Qd8 21. Rhd1 g5 22. Be3 f5 23. Kg2 Bf6 24. a4 a5 25. b5 Nb4 26. Re1 Re8 (26... Qe7 $142 27. h3 Kf7) 27. Bd1 (27. b6 $142) 27... Rc8 28. Bb3 Rc7 29. Rcd1 g6 30. Re2 e5 31. dxe5 Rxe5 32. Bf2 Rxe2 33. Qxe2 Kg7 34. Qd2 {c6 is the strong threat.} Rd7 35. Qc1 Qc7 36. Kf1 Rd8 37. Be1 d4 (37... Qe5 $11) 38. Bxb4 (38. c6 $14) 38... axb4 $11 39. Qc4 d3 40. Rxd3 Rxd3 41. Qxd3 Qxc5 42. a5 Kh6 43. Bc2 Qc7 44. a6 bxa6 45. bxa6 Qa5 46. Kg2 Qa1 47. Qd6 {aiming for a7.} Qc3 48. Bxf5 gxf5 49. a7 Qb2+ 50. Kh3 Qa1 {[%cal Ra1f1]} 51. Kg2 $2 (51. Qf8+ $11 Bg7 52. Qxf5 Qxa7 53. Qe6+ Kh7 54. Qe4+ Kg8 55. Qxb4) 51... Kg6 $19 52. Qd7 {And now Qe8+ would win.} Qa2+ 53. Kg1 $2 (53. Kf1 Qa6+ 54. Kf2) 53... Qb1+ $2 (53... b3 $19 {( -> ...b2)} 54. Qe8+ Kg7 55. Qd7+ Kh6 56. Qxf5 Qxa7+ 57. Kh1 Qa1+ 58. Kg2 Qe5) 54. Kf2 $1 $15 Qc2+ (54... Qb2+ $17 55. Kf1 Qa1+ 56. Ke2 Qa2+ 57. Kd3 Qb3+ 58. Ke2 Qc2+ 59. Ke3 Qc3+ 60. Ke2 Qc4+ 61. Kd2 Bc3+ 62. Kd1 b3 63. Qe8+ Kh6 64. Qf8+ Bg7 65. Qxf5 (65. Qd6+ $2 Kh7 $19) 65... Qf1+ 66. Kd2 Qf2+ 67. Kd1 Qxa7 68. Qe6+ Kh7 69. Qxb3 Qg1+ 70. Ke2 Qxh2+ 71. Ke3 Qg1+ 72. Ke2 Qd4) 55. Kg1 {[#]} (55. Ke3 $1 $11 {remains equal.} Qc3+ 56. Ke2 Qc4+ 57. Ke1 Bc3+ 58. Kd1) 55... Qc5+ (55... Qa2 $1 $17 56. h4 (56. Qe8+ $2 Kg7 $19) 56... b3) 56. Kg2 $11 Qc2+ (56... Qf8 $2 57. g4 $18) ({Better is} 56... Qe3 $11 57. a8=Q Qe2+ 58. Kg1 Qe1+ 59. Kg2 Qe2+ 60. Kg1 Qe1+ 61. Kg2 Qe2+) 57. Kg1 $1 $17 {[#]} (57. Kh3 {is a self mate.} Qe2 58. Qe8+ Qxe8 59. g4 Qe2 60. gxf5+ Kxf5 61. a8=Q Qf1+ 62. Kg3 Be5+ 63. f4 Bxf4#) 57... Qc1+ (57... Qb1+ $2 58. Kf2 $19) (57... Qa2 $1 $17 58. g4 (58. Qe8+ $2 Kg7 $19) 58... Kh6) 58. Kg2 {The position is equal.} Qb2+ 59. Kf1 $1 (59. Kh3 {gets mated.} Qe2 60. Qe8+ Qxe8 61. g4 Qe2 62. gxf5+ Kxf5 63. a8=Q Qf1+ 64. Kg3 Be5+ 65. f4 Bxf4#) 59... Qc1+ 60. Kg2 Qc2+ {Precision: White = 45%, Black = 54%.} 1/2-1/2

[Event "70th RUS-ch Superfinal Men 2017"]
[Site "St. Petersburg"]
[Date "2017.12.09"]
[Round "6"]
[White "Riazantsev, Alexander"]
[Black "Svidler, Peter"]
[Result "1/2-1/2"]
[WhiteElo "2650"]
[BlackElo "2765"]
[Annotator "TA"]
[PlyCount "57"]
[EventDate "2017.??.??"]
[EventType "tourn"]
[EventCountry "RUS"]
[SourceTitle "playchess.com"]
[Source "ChessBase"]
[SourceQuality "1"]

{[%evp 9,57,20,33,8,6,0,0,0,0,0,24,0,0,0,0,0,11,0,0,0,10,10,9,10,61,36,51,42,63,67,58,20,39,41,57,28,33,34,40,0,0,0,0,0,0,0,0,0,0,0]} 1. d4 Nf6 2. c4 g6 3. Nc3 d5 4. cxd5 Nxd5 5. Bd2 Nb6 6. e3 {D85: Exchange Grünfeld: Unusual White 7th moves and lines with 7 Nf3} Bg7 7. f4 O-O 8. Nf3 c5 9. dxc5 N6d7 10. Ne4 Bxb2 11. Rb1 $36 {[%mdl 2048] White has good play.} Bg7 $1 12. Bc4 Na6 13. Bxa6 $1 bxa6 {[#]} 14. Rc1 $146 Nb8 15. O-O Qd5 16. Nf2 Bb7 ({Black should play} 16... Be6 $11) 17. Qa4 Rc8 18. e4 Qc6 19. Qa3 Nd7 20. Rfe1 Rab8 {[%cal Ba8b8,Bb8b4,Bb4a4][%mdl 32]} 21. Be3 Qc7 22. Rc2 Bc6 23. Qxa6 Rb4 24. Bd2 Ra4 {The position is equal.} 25. Qd3 Rd8 26. Qb3 Rb8 27. Qd3 Rd8 28. Qb3 Rb8 29. Qd3 {Precision: White = 56%, Black = 67%.} 1/2-1/2

[Event "70th RUS-ch Superfinal Men 2017"]
[Site "St. Petersburg"]
[Date "2017.12.09"]
[Round "6"]
[White "Sjugirov, Sanan"]
[Black "Dubov, Daniil"]
[Result "1/2-1/2"]
[WhiteElo "2650"]
[BlackElo "2683"]
[Annotator "TA"]
[PlyCount "64"]
[EventDate "2017.??.??"]
[EventType "tourn"]
[EventCountry "RUS"]
[SourceTitle "playchess.com"]
[Source "ChessBase"]
[SourceQuality "1"]

{[%evp 19,64,15,51,51,73,53,50,51,52,48,68,12,18,0,0,0,0,0,0,0,0,0,0,0,0,0,25,0,0,0,41,0,0,0,34,0,0,11,14,0,14,0,0,-11,18,0,0]} 1. d4 Nf6 2. c4 g6 3. Nc3 d5 4. cxd5 Nxd5 5. e4 Nxc3 6. bxc3 Bg7 7. Nf3 c5 8. Be3 Qa5 9. Qd2 Nc6 10. Rb1 O-O 11. Rb5 {D85: Exchange Grünfeld: Unusual White 7th moves and lines with 7 Nf3} Qc7 (11... cxd4 12. Rxa5 dxe3 13. Qxe3 Nxa5 14. h4 Be6 15. h5 Nc4 16. Bxc4 Bxc4 17. e5 Rfd8 18. Rh4 Bxa2 19. hxg6 hxg6 {½-½ (26) Ponomariov,R (2706)-Shirov,A (2735) Karlovy Vary 2007}) 12. d5 $146 (12. Rxc5 $5 {[%cal Rd4d5]} b6 13. Rg5 $14) ({Predecessor:} 12. Rxc5 b6 13. Rd5 e5 14. Bh6 Bxh6 15. Qxh6 Na5 16. Qe3 Be6 17. Rxe5 Bxa2 18. Nd2 Rac8 {0-1 (52) Miguel de Frutos,V (2050)-Santamaria Perez,T (2275) ICCF email 2006}) 12... Ne5 13. Rxc5 {White is slightly better.} Nxf3+ $1 14. gxf3 Qd7 15. Bd4 (15. h4 $14) 15... b6 $11 16. Rb5 Ba6 17. Rb3 Bxf1 18. Kxf1 Qh3+ 19. Ke2 Rac8 20. Bxg7 Kxg7 21. Qf4 Qd7 22. Rd1 Qa4 23. Rd2 Qa6+ 24. Ke1 {Black must now prevent Qe5+.} Kg8 25. Qe3 Rc5 26. Qd3 b5 27. d6 exd6 {The position is equal.} 28. Qxd6 Qc8 29. Qd7 Qb8 30. Qd6 Qc8 31. Qd7 Qb8 32. Qd6 Qc8 {Precision: White = 43%, Black = 70%.} 1/2-1/2

[Event "70th RUS-ch Superfinal Men 2017"]
[Site "St. Petersburg"]
[Date "2017.12.10"]
[Round "7"]
[White "Svidler, Peter"]
[Black "Tomashevsky, Evgeny"]
[Result "1/2-1/2"]
[WhiteElo "2765"]
[BlackElo "2713"]
[Annotator "TA"]
[PlyCount "83"]
[EventDate "2017.??.??"]
[EventType "tourn"]
[EventCountry "RUS"]
[SourceTitle "playchess.com"]
[Source "ChessBase"]
[SourceQuality "1"]

{[%evp 23,83,10,18,12,36,20,32,22,28,0,35,25,38,39,58,42,51,30,64,34,50,50,51,23,26,14,29,29,29,28,28,35,35,35,35,25,29,22,35,35,42,38,52,35,35,35,35,35,35,35,35,35,43,0,12,1,10,0,0,0,0,7]} 1. e4 e5 2. Nf3 Nc6 3. Bb5 a6 4. Ba4 Nf6 5. O-O Be7 6. d3 b5 7. Bb3 d6 8. a4 Bd7 9. c3 O-O 10. Bc2 Re8 11. Nbd2 Bf8 12. Re1 h6 13. h3 {C90: Closed Ruy Lopez with 7...d6: Early deviations} (13. Nf1 d5 14. exd5 Nxd5 15. Ng3 b4 16. Bd2 Rb8 17. a5 bxc3 18. bxc3 Qf6 19. Bb3 Nf4 20. Ne4 Qd8 21. Bxf4 exf4 {½-½ (43) Jakovenko,D (2731)-Bu,X (2723) Sochi 2016}) 13... Ne7 14. d4 Ng6 15. Nf1 {White is slightly better.} c5 16. Ng3 Qc7 {[#]} 17. Be3 $146 ({Predecessor:} 17. d5 c4 18. Be3 Reb8 19. Qd2 Qb7 20. b4 cxb3 21. Bxb3 {1-0 (44) Stevic,H (2601)-Kuljasevic,D (2574) Sibenik 2012}) 17... Qb7 18. d5 Reb8 19. Qd2 Be7 20. b3 Qc8 21. Bd3 Bd8 22. a5 Be7 23. c4 bxc4 24. Bxc4 Bb5 25. Qc2 Bxc4 26. bxc4 Bd8 27. Bd2 Rb7 28. Nf5 Qd7 29. Bc3 Rab8 30. g3 Ne8 31. Kg2 Bf6 32. Reb1 Ne7 {[#] Strongly threatening ...Nxf5.} 33. Nxe7+ (33. Rxb7 {is interesting.} Qxb7 34. Ne3 Qb3 35. Qd3 Qb7 36. h4) 33... Qxe7 34. Rxb7 Qxb7 35. Nd2 Qc7 36. Rb1 Rxb1 37. Qxb1 Bd8 38. f4 exf4 {The position is equal.} 39. gxf4 Bf6 40. Qa1 Bxc3 41. Qxc3 Nf6 42. e5 {Precision: White = 70%, Black = 49%.} 1/2-1/2

[Event "70th RUS-ch Superfinal Men 2017"]
[Site "St. Petersburg"]
[Date "2017.12.10"]
[Round "7"]
[White "Vitiugov, Nikita"]
[Black "Fedoseev, Vladimir"]
[Result "1-0"]
[WhiteElo "2722"]
[BlackElo "2718"]
[Annotator "TA"]
[PlyCount "55"]
[EventDate "2017.??.??"]
[EventType "tourn"]
[EventCountry "RUS"]
[SourceTitle "playchess.com"]
[Source "ChessBase"]
[SourceQuality "1"]

{[%evp 10,55,29,9,18,16,29,18,29,13,25,36,12,13,14,17,56,62,73,52,79,37,90,88,110,102,156,166,164,95,170,167,327,300,347,353,535,522,512,347,399,391,350,332,573,565,687,697]} 1. d4 d5 2. c4 c6 3. Nc3 Nf6 4. e3 a6 5. Nf3 Bf5 6. Qb3 Ra7 {D15: Slav Defence: 4 Nc3 a6 and gambit lines after 4 Nc3 dxc4} 7. Nh4 Bc8 8. Qc2 (8. a4 e6 9. a5 c5 10. Nf3 Nc6 11. cxd5 exd5 12. Qb6 Ra8 13. dxc5 Qxb6 14. cxb6 {0-1 (65) Riazantsev,A (2671)-Carlsen,M (2840) Doha 2016}) 8... e6 {The position is equal.} 9. Nf3 dxc4 10. Bxc4 c5 11. dxc5 $146 ({Predecessor:} 11. a4 Nc6 12. O-O cxd4 13. Rd1 Be7 14. Nxd4 {½-½ (56) Gupta,A (2626)-Danin,A (2543) Zalakaros 2017}) 11... Bxc5 12. e4 {[%cal Be3e4,Be4e5,Be5f6][%mdl 32]} Nc6 13. O-O Nb4 14. Qe2 {Strongly threatening Na4.} b5 15. a3 Nc6 (15... bxc4 $14 16. axb4 Bxb4) 16. Ba2 $16 O-O {[#]} 17. e5 $1 {[%cal Re5f6]} Nd5 (17... Ne8 $142) 18. Nxd5 exd5 19. Bb1 (19. Qc2 $18 Qb6 20. Bb1 (20. Bxd5 Nd4 $14)) 19... Qb6 {[#]} (19... Nd4 $16 20. Nxd4 Bxd4) 20. Qc2 $1 $40 {[%csl Gb1][%cal Rc2h7][%mdl 128] White wants a kill.} ({Don't do} 20. Qd3 $6 g6 $14) 20... f5 $2 (20... g6) 21. exf6 $1 g6 22. Ba2 Bf5 (22... Nd4 {keeps fighting.} 23. Bxd5+ Be6 24. Bxe6+ Nxe6) 23. Bxd5+ Kh8 24. Qe2 Rd7 25. Bxc6 Qxc6 26. Bh6 Bd3 $2 (26... Qxf6 27. Bxf8 Bxf8) 27. Qe5 {White wants to mate with f7+.} Bd6 28. Bg7+ {Precision: White = 91%, Black = 25%.} 1-0

[Event "70th RUS-ch Superfinal Men 2017"]
[Site "St. Petersburg"]
[Date "2017.12.10"]
[Round "7"]
[White "Malakhov, Vladimir"]
[Black "Inarkiev, Ernesto"]
[Result "1/2-1/2"]
[WhiteElo "2686"]
[BlackElo "2689"]
[Annotator "TA"]
[PlyCount "131"]
[EventDate "2017.??.??"]
[EventType "tourn"]
[EventCountry "RUS"]
[SourceTitle "playchess.com"]
[Source "ChessBase"]
[SourceQuality "1"]

{[%evp 20,131,0,0,2,0,6,6,8,0,0,0,0,0,0,0,0,-8,-18,-16,-14,-62,-54,-52,-27,-94,-36,-41,0,0,0,0,0,0,0,0,0,0,0,0,0,0,0,0,0,0,0,0,0,0,0,0,0,0,0,0,0,0,10,0,24,0,35,29,26,19,58,56,59,10,10,10,10,10,10,18,18,18,18,18,114,155,120,0,0,0,0,0,0,0,0,0,0,0,0,0,0,0,0,0,0,0,0,0,0,0,0,0,0,0,0,0,0,0]} 1. Nf3 d5 2. b3 Nf6 3. Bb2 e6 4. e3 Be7 5. d4 O-O 6. Bd3 c5 7. O-O Nc6 8. Nbd2 b6 9. c4 Bb7 10. Rc1 dxc4 11. bxc4 Re8 {E14: Queen's Indian: Classical Variation (4 e3)} (11... Rc8 12. Qe2 Rc7 13. Rfd1 Rd7 14. Nf1 Nb4 15. Bb1 Ne4 16. a3 Na6 17. d5 exd5 18. cxd5 Ng5 19. e4 Nxf3+ 20. Qxf3 {1-0 (40) Harika,D (2507)-Kosteniuk,A (2527) Khanty-Mansiysk 2014}) 12. Qe2 Qc7 13. Rfd1 Rad8 14. Bb1 cxd4 15. exd4 Qf4 16. Nf1 $146 ({Predecessor:} 16. Qe3 Bd6 17. g3 Qg4 18. Qg5 Qxg5 19. Nxg5 {½-½ (41) De Francesco,K (2279)-Schnur,G (2111) Bad Woerishofen 2000}) 16... Bd6 17. Ng3 Bb8 18. Bc3 Ne7 19. Ne5 Ng6 20. Nxg6 hxg6 21. a4 Nh5 22. Re1 (22. Qb2 $11 {remains equal.}) 22... Qh4 ({Black should try} 22... Qc7 $17 23. Qa2 Rc8) 23. Be4 $15 Bxg3 (23... Ba6 {seems wilder.} 24. Bc6 Re7 25. Bb2 Rc8 26. d5 Nf4) 24. hxg3 Qxe4 25. Qxe4 Bxe4 26. Rxe4 Nf6 27. Re3 Rc8 28. Bb2 Rc6 29. f3 Rec8 30. Rec3 Ne8 31. g4 f6 32. Kf2 Kf7 33. Ke3 g5 34. Kd3 Rd8 35. Rb3 Nd6 36. Rbc3 Nb7 37. Ke3 Rdc8 38. Ba3 Na5 {[%cal Rc6c4]} 39. Kd3 Nb7 40. Bb4 R6c7 41. c5 bxc5 42. Bxc5 a6 43. Bb4 Rxc3+ 44. Rxc3 (44. Bxc3 {looks sharper.} Rc6 45. Rb1 Nd6 46. Rb8 Ke7 47. Ba5) 44... Rxc3+ 45. Kxc3 $14 {[%mdl 4096] Endgame KB-KN} Ke8 46. Kc4 Kd7 47. d5 e5 $1 48. Bf8 g6 49. Bb4 f5 {[#]} (49... Kd8 $11 {keeps the balance.}) 50. Bf8 $1 $16 Nd6+ 51. Kc5 Ne8 {The position is equal.} 52. gxf5 gxf5 53. a5 {With the idea Bh6.} g4 $1 54. fxg4 fxg4 55. Kb6 Nc7 56. d6 Ne6 57. Be7 e4 {[%cal Be5e4,Be4e3,Be3e2][%mdl 32]} 58. Kxa6 {[#] Kb6 is the strong threat.} Kc6 $1 59. Ka7 {Strongly threatening Kb8.} e3 60. a6 Nc5 (60... e2 $5 61. Bh4 $8 Nc5 $11) 61. Bh4 e2 62. Be1 Nd7 (62... Kxd6 $5 63. Kb6 $8 Nd7+ 64. Kb5 Kc7 65. Bg3+ Kc8 $16) 63. Ka8 Nb6+ ({Of course not} 63... Kxd6 $6 64. Kb7 $16) (63... Kxd6 $5 64. Kb7 $8 Nc5+ 65. Kb6 Nd7+ 66. Kb5 Kc7 $18) 64. Kb8 Nd7+ 65. Kc8 {Black must now prevent Bg3.} Nb6+ 66. Kb8 {Precision: White = 74%, Black = 72%.} 1/2-1/2

[Event "70th RUS-ch Superfinal Men 2017"]
[Site "St. Petersburg"]
[Date "2017.12.10"]
[Round "7"]
[White "Dubov, Daniil"]
[Black "Matlakov, Maxim"]
[Result "1/2-1/2"]
[WhiteElo "2683"]
[BlackElo "2735"]
[Annotator "TA"]
[PlyCount "92"]
[EventDate "2017.??.??"]
[EventType "tourn"]
[EventCountry "RUS"]
[SourceTitle "playchess.com"]
[Source "ChessBase"]
[SourceQuality "1"]

{[%evp 18,92,18,7,26,0,31,39,62,8,2,16,56,59,52,61,61,64,68,52,69,52,67,79,54,12,11,3,79,-30,28,0,0,0,62,58,62,58,60,10,28,0,0,3,23,-6,0,-21,0,0,0,0,19,23,13,25,25,25,78,85,62,7,27,18,20,8,8,0,0,0,0,0,0,0,0,0,0]} 1. d4 Nf6 2. c4 e6 3. Nf3 d5 4. g3 Bb4+ 5. Bd2 Bd6 (5... Be7 6. Bg2 O-O 7. O-O Nbd7 8. Bc3 b6 9. cxd5 Nxd5 10. e4 Nxc3 11. Nxc3 Bb7 12. Re1 Re8 13. Qc2 c6 14. Rad1 Qc7 15. e5 Rad8 {0-1 (72) Ding,L (2774)-Carlsen,M (2837) Saint Louis 2017}) 6. Nc3 {E01: Catalan: Early deviations} O-O 7. Qb3 c6 8. Bg2 Nbd7 9. O-O h6 10. Rad1 {LiveBook: 3 Games} Re8 $146 ({Predecessor:} 10... Rb8 11. a3 Re8 12. Rfe1 Ne4 13. Nxe4 dxe4 {½-½ (32) Meier,G (2651)-Ju,W (2574) Saint Louis 2017}) 11. Bc1 dxc4 12. Qxc4 Qe7 13. Nh4 (13. Qd3 $14) 13... Nb6 $11 14. Qb3 e5 15. Ng6 Qc7 16. dxe5 Bxe5 17. Nxe5 Qxe5 18. e4 Qh5 19. f3 Be6 20. Qb4 Nfd7 21. g4 Qh4 $1 22. Qd4 Rad8 (22... Bc4 $11 {keeps the balance.}) 23. Bf4 ({Better is} 23. b3 $16) 23... Nf8 ({Black should play} 23... Bc4 24. Rfe1 Ne5) 24. Qe3 Nc4 25. Qc1 Ng6 (25... Qf6 $11) 26. Bg3 $1 $14 {[%cal Rg3h4]} Qf6 27. b3 Nce5 28. Qe3 {White wants to play h3.} Nh4 29. Bxh4 Qxh4 30. Qxa7 h5 31. gxh5 Nd3 32. Ne2 ({Wrong is} 32. Qxb7 $2 Nf4 $19) 32... Rd7 33. Qe3 Red8 34. Rd2 Nf4 35. Rxd7 Nxe2+ 36. Qxe2 Rxd7 37. f4 {[#] Black must now prevent f5.} Bh3 (37... Bg4 $11 38. Qe3 Bxh5) 38. Bxh3 $16 Qxh3 {[%mdl 4096] Endgame KQR-KQR} 39. e5 (39. Qf3 $14 Qxf3 40. Rxf3) 39... Rd3 40. h6 Re3 {The position is equal.} 41. Qf2 {With the idea hxg7.} g6 42. Qg2 {aiming for Qxh3.} Qxh6 43. Qg4 Qf8 44. Qg5 {[#] Threatens to win with Rd1.} Qc5 45. Qd8+ Kg7 {( -> ...Rd3+)} 46. Qf6+ Kg8 {Precision: White = 33%, Black = 45%.} 1/2-1/2

[Event "70th RUS-ch Superfinal Men 2017"]
[Site "St. Petersburg"]
[Date "2017.12.10"]
[Round "7"]
[White "Volkov, Sergey"]
[Black "Sjugirov, Sanan"]
[Result "1-0"]
[WhiteElo "2645"]
[BlackElo "2650"]
[Annotator "TA"]
[PlyCount "55"]
[EventDate "2017.??.??"]
[EventType "tourn"]
[EventCountry "RUS"]
[SourceTitle "playchess.com"]
[Source "ChessBase"]
[SourceQuality "1"]

{[%evp 15,55,16,20,0,0,0,2,0,0,0,0,-6,-4,-20,18,9,86,49,141,133,133,131,219,121,147,134,112,111,386,263,452,452,445,447,645,615,748,750,720,704,711,684]} 1. d4 Nf6 2. c4 e6 3. Nc3 Bb4 4. f3 O-O 5. a3 Bxc3+ 6. bxc3 Nh5 {E27: Nimzoindisch (Sämisch-Variante)} (6... d5 7. cxd5 exd5 8. e3 c5 9. Bd3 b6 10. Ne2 Ba6 11. O-O Bxd3 12. Qxd3 Re8 13. Ng3 Nc6 14. Bb2 Na5 15. Rae1 Nc4 16. Bc1 cxd4 17. cxd4 b5 18. e4 Qb6 19. Kh1 a5 20. Nf5 b4 21. axb4 axb4 22. Bg5 {0-1 (41) Li,C (2744)-Zhou,J (2597) Huocheng County 2017}) 7. Nh3 {[%cal Bg1h3,Bh3g5,Bg5e4][%mdl 32]} f5 8. e4 fxe4 {LiveBook: 4 Partien. Die Stellung ist ausgeglichen.} 9. Be2 Nf6 10. O-O d6 11. Ng5 $146 ({Vorgänger:} 11. Bg5 e5 12. Nf2 exf3 13. Bxf3 Qe8 14. Qd3 {0-1 (34) Bocharov,D (2602)-Rozum,I (2560) Voronezh 2016}) 11... exf3 12. Bxf3 h6 13. Ne4 Nbd7 14. Bf4 Qe8 15. Qd2 Rb8 (15... Nxe4 $11 16. Bxe4 Nf6) 16. Rae1 Qg6 (16... Nxe4 $14 17. Bxe4 Qe7) 17. c5 $36 {[%mdl 2048] Schwarz muss aufpassen.} e5 18. Nxf6+ (18. cxd6 $6 exf4 19. dxc7 Ra8 $11) 18... Rxf6 {[#]} (18... Nxf6 $16 {ist eine bessere Verteidigung.} 19. dxe5 dxe5) 19. Bg3 (19. dxe5 $6 dxe5 20. Be4 Qe8 $16) ({Lieber} 19. Be4 $1 $18 {[%cal Re4g6]} Qe8 20. Bc2) 19... Kh8 20. Bh4 ({Keinesfalls} 20. dxe5 dxe5 21. c4 (21. Bxe5 Nxe5 22. Rxe5 Bg4 $11) 21... a6 $16) 20... Rf8 21. Qe2 Nf6 $2 {[%mdl 8192] [#]} (21... Qe8 $16) 22. Bh5 $1 {[%mdl 512]} Qh7 $2 (22... Nxh5 23. Rxf8+ Kh7) 23. dxe5 $18 {Weiß steht klar auf Gewinn.} dxe5 24. Qxe5 Bd7 (24... Bg4 $142 25. Rxf6 (25. Bxf6 Bxh5 26. Be7 Rxf1+ 27. Rxf1 Bg6 $16) 25... Rxf6 26. Bxg4 Rf7) 25. Rxf6 gxf6 26. Bxf6+ Rxf6 27. Qxf6+ Kg8 28. Rf1 {Precision: Weiß = 78%, Schwarz = 47%.} 1-0

[Event "70th RUS-ch Superfinal Men 2017"]
[Site "St. Petersburg"]
[Date "2017.12.10"]
[Round "7"]
[White "Romanov, Evgeny"]
[Black "Riazantsev, Alexander"]
[Result "1/2-1/2"]
[WhiteElo "2626"]
[BlackElo "2650"]
[Annotator "TA"]
[PlyCount "97"]
[EventDate "2017.??.??"]
[EventType "tourn"]
[EventCountry "RUS"]
[SourceTitle "playchess.com"]
[Source "ChessBase"]
[SourceQuality "1"]

{[%evp 19,97,10,9,0,5,0,0,0,0,0,0,0,0,0,0,0,0,0,0,-6,-7,-10,0,0,0,-11,18,-17,6,0,9,2,13,14,10,5,14,11,71,73,65,31,42,25,62,77,89,80,83,29,34,0,0,0,39,41,84,92,94,49,59,28,42,16,29,25,20,8,13,4,3,17,33,8,11,0,19,0,18,0]} 1. c4 Nf6 2. Nc3 e6 3. e4 d5 4. e5 d4 5. exf6 dxc3 6. bxc3 Qxf6 7. Nf3 Nc6 {A18: Englische Eröffnung} 8. Bd3 (8. d4 e5 9. Bg5 Qg6 10. d5 Nb8 11. h4 h6 12. h5 Qd6 13. Be3 Nd7 14. c5 Nxc5 15. Bb5+ {1-0 (32) Adhiban,B (2671)-Wei,Y (2740) Hoogeveen 2017}) 8... Ne5 9. Be4 Nxf3+ 10. Bxf3 Qe5+ {LiveBook: 3 Partien} 11. Kf1 Qa5 $146 ({Vorgänger:} 11... c5 12. a4 Qc7 13. a5 Rb8 14. h4 Bd6 15. h5 {½-½ (47) Iordachescu,V (2614)-Pourramezanali,A (2458) Al Ain 2013}) 12. a4 Rb8 13. Qb3 Bd7 14. d4 Be7 15. g3 O-O 16. Kg2 Bc6 17. Re1 Bxf3+ 18. Kxf3 b6 19. Kg2 Bd6 20. Bd2 c6 21. Re4 Rfd8 22. Rae1 h6 23. R1e2 Qf5 24. h4 Qg6 25. Qd1 c5 26. Re1 cxd4 27. cxd4 Rbc8 28. Qe2 a5 (28... Qf5 $11) 29. Rg4 $16 Qh7 30. Bc1 Rd7 31. Bb2 Re8 {[#] Und weiter mit ...f5 wäre nett.} 32. h5 Qf5 33. d5 $36 {[%mdl 2048] Läuft bei Weiss.} e5 34. Re4 (34. Bd4 $16) 34... Rde7 $11 35. g4 Qd7 36. Qf3 f6 37. Qf5 Bb4 38. Qxd7 Rxd7 39. Rc1 Rf8 40. f3 Bd6 41. Rb1 f5 42. gxf5 Rxf5 43. Bc3 Bc7 $1 44. Rh1 Rdf7 45. Rh3 Bd6 46. Bd2 Bc5 {Die Stellung ist ausgeglichen.} 47. Bc3 Bd6 48. Bd2 Bc5 49. Bc3 {Precision: Weiß = 39%, Schwarz = 56%.} 1/2-1/2